बीमा सिद्धान्त एवं व्यवहार / (Record no. 120650)
[ view plain ]
| 000 -LEADER | |
|---|---|
| fixed length control field | 01125nam a22002537a 4500 |
| 005 - DATE AND TIME OF LATEST TRANSACTION | |
| control field | 20170124103201.0 |
| 010 ## - LIBRARY OF CONGRESS CONTROL NUMBER | |
| LC control number | B-149279 |
| 020 ## - INTERNATIONAL STANDARD BOOK NUMBER | |
| Terms of availability | 400.00 |
| 035 ## - SYSTEM CONTROL NUMBER | |
| System control number | B-149279 |
| 037 ## - SOURCE OF ACQUISITION | |
| Source of stock number/acquisition | Cen Lib/Ret |
| 040 ## - CATALOGING SOURCE | |
| Original cataloging agency | DPL |
| Language of cataloging | HN |
| 082 ## - DEWEY DECIMAL CLASSIFICATION NUMBER | |
| Classification number | 386 |
| Item number | मिश्रम |
| 100 ## - MAIN ENTRY--PERSONAL NAME | |
| Personal name | मिश्र, महानारायण |
| 9 (RLIN) | 91765 |
| 245 ## - TITLE STATEMENT | |
| Title | बीमा सिद्धान्त एवं व्यवहार / |
| Statement of responsibility, etc | महानारायण मिश्र |
| 246 ## - VARYING FORM OF TITLE | |
| Title proper/short title | Bima siddhant evam vyavahar / |
| Remainder of title | by Mahanarayan Mishra |
| 260 ## - PUBLICATION, DISTRIBUTION, ETC. (IMPRINT) | |
| Place of publication, distribution, etc | इलाहाबाद |
| Name of publisher, distributor, etc | लोकभारती प्रकाशन |
| Date of publication, distribution, etc | 2004 |
| 270 ## - ADDRESS | |
| City | इलाहाबाद |
| Address | 15-ए, महात्मा गाँधी मार्ग |
| 300 ## - PHYSICAL DESCRIPTION | |
| Extent | 670पृ. |
| Dimensions | 21सेमी (सजिल्द) |
| 650 ## - SUBJECT ADDED ENTRY--TOPICAL TERM | |
| Topical term or geographic name as entry element | बीमा -- विकास एवं संगठन |
| 9 (RLIN) | 86997 |
| 650 ## - SUBJECT ADDED ENTRY--TOPICAL TERM | |
| Topical term or geographic name as entry element | जीवन बीमा प्रसंविदा |
| 9 (RLIN) | 91766 |
| 650 ## - SUBJECT ADDED ENTRY--TOPICAL TERM | |
| Topical term or geographic name as entry element | Insurance - D & Organization |
| 9 (RLIN) | 91767 |
| 650 ## - SUBJECT ADDED ENTRY--TOPICAL TERM | |
| Topical term or geographic name as entry element | Life insurance covenant |
| 9 (RLIN) | 91768 |
| 942 ## - ADDED ENTRY ELEMENTS (KOHA) | |
| Source of classification or shelving scheme | Dewey Decimal Classification |
| Koha item type | Hindi Books |
| Classification part | 386 |
| Call number suffix | मिश्रम |
| Withdrawn status | Lost status | Damaged status | Not for loan | Home library | Current library | Date acquired | Source of acquisition | Cost, normal purchase price | Total Checkouts | Full call number | Barcode | Date last seen | Copy number | Cost, replacement price | Price effective from | Koha item type |
|---|---|---|---|---|---|---|---|---|---|---|---|---|---|---|---|---|
| Central Library | Central Library | 23/09/2015 | Cen Lib/Ret | 400.00 | 386 मिश्रम | B-149279 | 23/09/2015 | 1 | 400.00 | 23/09/2015 | Hindi Books |
